Holidays: Which Month? Quiz Stats

 Plays Quiz Updated Nov 24, 2015

Challenge
Share
Tweet
Embed
Score 0/32 Timer 04:00
0 Plays Today
Holiday Month % Correct
Thanksgiving (US)???
89.6%
St. Patrick's Day ???
86.5%
Cinco de Mayo???
86.4%
Good Friday???
86.3%
Hanukkah???
86%
Father's Day (US)???
78.9%
Groundhog Day???
74.9%
Kwanzaa???
74.4%
Summer solstice *???
71.5%
Mardi Gras???
70.2%
Inauguration Day (US)???
68%
Passover???
66.8%
Boxing Day???
64.2%
Autumnal equinox *???
64.1%
Pearl Harbor Remembrance Day???
62%
Chinese New Year???
61.6%
Holiday Month % Correct
Columbus Day???
58.6%
All Saints' Day???
49.9%
Rosh Hashanah (Jewish New Year)???
49.6%
Remembrance/Armistice Day???
46.8%
Bastille Day (France)???
43.9%
Thanksgiving (Canada)???
41.4%
Guy Fawkes Night???
38.4%
Vernal equinox *???
36%
Epiphany???
32.7%
Day of the Dead (Mexico)???
29.6%
Canada Day???
29.2%
Victoria Day (Canada)???
17.5%
Australia Day???
11.3%
Reformation Day (Germany)???
9.8%
The Twelfth (Battle of the Boyne)???
9.6%
Las Posadas (Mexico)???
8.2%

You're not logged in!

Compare scores with friends on all Sporcle quizzes.
OR
Log In

You Might Also Like...

Show Comments

Extras

Top Quizzes Today


Score Distribution

Your Account Isn't Verified!

In order to create a playlist on Sporcle, you need to verify the email address you used during registration. Go to your Sporcle Settings to finish the process.

Report this User

Report this user for behavior that violates our Community Guidelines.

Details: